Quam Tô Mương Truyện kể biên niên sử của người Thái Đen ở vùng Tây Bắc

Giới thiệu khái quát nội dung tập sách Thái cổ Quam Tô Mương viết về lịch sử tộc người và các đời thủ lĩnh nối tiếp nhau của người Thái Đen vùng Tây Bắc từ đời Tạo Xuông - Tạo Ngân thế kỷ X ở Mường Ôm, Mường Ai đến xây dựng Mường Lò...

Πλήρης περιγραφή

Αποθηκεύτηκε σε:
Λεπτομέρειες βιβλιογραφικής εγγραφής
Κύριος συγγραφέας: Nguyễn Văn Ho
Μορφή: Βιβλίο
Γλώσσα:Vietnamese
Έκδοση: H. Đại học Quốc gia Hà Nội 2010
Θέματα:
Ετικέτες: Προσθήκη ετικέτας
Δεν υπάρχουν, Καταχωρήστε ετικέτα πρώτοι!
Thư viện lưu trữ: Mạng thư viện Đại học Đà Nẵng
LEADER 01690aam a22003738a 4500
001 000007070
003 3231
005 20120515110517.0
008 110926s2010 viesd
020 |d 2000b 
041 0 |a vie 
082 1 4 |2 14  |a 398.209597  |b NG-H 
100 1 |a Nguyễn Văn Hoà 
245 1 0 |a Quam Tô Mương  |b Truyện kể biên niên sử của người Thái Đen ở vùng Tây Bắc  |c Nguyễn Văn Hoà 
260 |a H.  |b Đại học Quốc gia Hà Nội  |c 2010 
300 |a 359tr.  |c 21cm 
500 |a ĐTTS ghi: Hội Văn nghệ Dân gian Việt Nam 
504 |a Phụ lục: tr. 341-351. - Thư mục: tr. 355-356 
520 |a Giới thiệu khái quát nội dung tập sách Thái cổ Quam Tô Mương viết về lịch sử tộc người và các đời thủ lĩnh nối tiếp nhau của người Thái Đen vùng Tây Bắc từ đời Tạo Xuông - Tạo Ngân thế kỷ X ở Mường Ôm, Mường Ai đến xây dựng Mường Lò 
546 |a Chính văn bằng 2 thứ tiếng: Việt - Thái 
650 7 |2 Bộ TK TVQG  |a Văn học dân gian 
650 7 |2 Bộ TK TVQG  |a Dân tộc Thái 
651 7 |2 Bộ TK TVQG  |a Việt Nam 
655 7 |2 Bộ TK TVQG  |a Truyện kể 
OWN |a LSP 
AVA |a UDN50  |b LSP  |d 398.209597 NG-H  |e available  |t Error 5001 Not defined in file expand_doc_bib_avail.  |f 2  |g 0  |h N  |i 0  |k 1 
999 |a From the UDN01 
AVA |a UDN50  |b LSP  |d 398.209597 NG-H  |e available  |t Error 5001 Not defined in file expand_doc_bib_avail.  |f 2  |g 0  |h N  |i 0  |k 1 
TYP |a Monograph 
TYP |a Printed language 
980 |a Mạng thư viện Đại học Đà Nẵng